000 005340000a22001810004500
003 MACL
005 20151209152517.0
008 151209b xxu||||| |||| 00| 0 eng d
040 _aMACL
_cMACL
041 _aHindi
082 _a741.642
100 _aरवीन्‍दनाथ टैगोर
_919877
245 _aभाई भाई
260 _bसर्वोदय साहित्‍य संस्‍थान
_c2001
350 _a90
650 _aचिल्‍डन बुक
_9314
942 _cHIN
_k741.462
_2ddc
999 _c9511
_d9511